000
00338nam a2200145Ia 4500
008
100415s9999 xx 000 0 und d
082
_b
11113
_a
574.00724
100
_a
Jeffers John NR
245
_a
Modelling
260
_a
LONDON
_c
1982
_b
CHAPMAN & HALL
365
_b
0
630
_a
Modelling
730
_a
Modelling
942
_c
BOOK
999
_c
594036
_d
594033